000 00648nam a2200241Ia 4500
003 OSt
005 20220918200520.0
006 a|||||r|||| 00| 0
007 ta
008 220917b |||||||| |||| 00| 0 eng d
024 _a89,111
037 _cTextual
040 _aARTS
_cARTS
_beng
041 _2eng
_aeng
082 _aU28:B28, J2
110 _aMeteorological Office (Great Britain)
_994401
245 0 _aHandbook of statistical methods in meteorology
260 _c1952
650 _aGEOGRAPHY
700 _aMeteorological Office (Great Britain)
_994402
942 _hU28:B28, J2
_cTEXL
_2CC
999 _c212781
_d212781